Logo

Description automatically generated
विद्यार्जन
 संसाधन केंद्र, भारतीय प्रौद्योगिकी संस्थान इन्दौर
Learning Resource Center, Indian Institute of Technology Indore

ऑनलाइन सार्वजनिक अभिगम प्रसूची
Online Public Access Catalogue (OPAC)

Chemical engineering design [6th ed.] (Record no. 53162)

MARC details
000 -LEADER
fixed length control field 00703nam a22002177a 4500
005 - DATE AND TIME OF LATEST TRANSACTION
control field 20260504171539.0
008 - FIXED-LENGTH DATA ELEMENTS--GENERAL INFORMATION
fixed length control field 260504b |||||||| |||| 00| 0 eng d
020 ## - INTERNATIONAL STANDARD BOOK NUMBER
International Standard Book Number 9789351073932
Qualifying information pbk
082 ## - DEWEY DECIMAL CLASSIFICATION NUMBER
Classification number 660.283
Item number SIN.6E
100 ## - MAIN ENTRY--PERSONAL NAME
Personal name Sinnott, Ray
245 ## - TITLE STATEMENT
Title Chemical engineering design [6th ed.]
250 ## - EDITION STATEMENT
Edition statement 6th ed. [2020] ; 1st Indian rep. c.2020
260 ## - PUBLICATION, DISTRIBUTION, ETC.
Place of publication, distribution, etc. New Delhi
Name of publisher, distributor, etc. RELX India, Elsevier
Date of publication, distribution, etc. 2020
300 ## - PHYSICAL DESCRIPTION
Extent xxxi, 1262p. ; 24cm.
440 ## - SERIES STATEMENT/ADDED ENTRY--TITLE
Title Coulson and Richardson's chemical engineering series
653 ## - INDEX TERM--UNCONTROLLED
Uncontrolled term Chemical engineering -- Equipment and supplies
653 ## - INDEX TERM--UNCONTROLLED
Uncontrolled term Equipment in chemical process industry
653 ## - INDEX TERM--UNCONTROLLED
Uncontrolled term CHE302
700 ## - ADDED ENTRY--PERSONAL NAME
Personal name Towler, Gavin
942 ## - ADDED ENTRY ELEMENTS (KOHA)
Source of classification or shelving scheme Dewey Decimal Classification
Koha item type Book
Holdings
Withdrawn status Lost status Source of classification or shelving scheme Damaged status Not for loan Home library Current library Shelving location Date acquired Source of acquisition Total Checkouts Full call number Barcode Date last seen Price effective from Koha item type
    Dewey Decimal Classification     LRC, IIT Indore LRC, IIT Indore 2nd Floor - General Stack 29/04/2026 PO_2025-26_PO-99 ,Vendor: Today and Tomorrow's Printers and Publishers, New Delhi ; Inv. No.: IN-00026, 16.04.2026 ; Price: INR 1795.00   660.283 SIN.6E 38829 04/05/2026 04/05/2026 Book
Copyright © 2024, 2021, 2017 Indian Institute of Technology Indore. All Rights Reserved.
Managed & maintained by Learning Resource Center, IIT Indore